000 00569nam a2200205Ia 4500
005 20250508162438.0
008 008 250505s9999 xx 000 0 eng d
037 _aTextual
040 _aFEDL
_beng
_cFEDL
041 _aeng
_2eng
084 _a150.72, PAR
_qFEDL
100 _aParameswaran E G
245 0 _aExperimental psychology: A laboratory manual
260 _aDelhi, India
_bSeema Publications India
_c1983
300 _ax,352p.
365 _aINR
_b150
650 _aPsychology
942 _cTEXL
_h150.72, PAR
999 _c1376588
_d1376588